[Event "World Blitz Women 2022"]
[Site "Almaty KAZ"]
[Date "2022.12.29"]
[Round "9.46"]
[White "Balakanova, Gulnar"]
[Black "Mikhaylova, Irina"]
[Result "0-1"]
[WhiteTitle "WFM"]
[BlackTitle "WGM"]
[WhiteElo "1743"]
[BlackElo "2257"]
[WhiteFideId "13705890"]
[BlackFideId "4109040"]
[EventDate "2022.12.29"]

1. e4 c5 2. Nc3 Nc6 3. Nge2 e6 4. g3 d5 5. exd5 exd5 6. d4 Bg4 7. Be3 Bf3 8. Rg1
Nf6 9. Qd2 c4 10. Bg2 Bxg2 11. Rxg2 Bb4 12. f3 O-O 13. a3 Be7 14. Nf4 b5 15. g4
b4 16. axb4 Bxb4 17. Kf1 Bd6 18. Nfxd5 Nxd5 19. Nxd5 Rb8 20. c3 Na5 21. Ra2 Nb3
22. Qc2 a5 23. Nf4 Bxf4 24. Bxf4 Rb7 25. h4 Re7 26. Bg5 f6 27. Bf4 Rfe8 28. Kg1
Qd5 29. Rf2 Re1+ 30. Kg2 Rc1 0-1

[Event "World Blitz Women 2022"]
[Site "Almaty KAZ"]
[Date "2022.12.29"]
[Round "9.47"]
[White "Assylkhan, Asiya"]
[Black "Sultanbek, Zeinep"]
[Result "0-1"]
[BlackTitle "WIM"]
[WhiteElo "1430"]
[BlackElo "1891"]
[WhiteFideId "13752707"]
[BlackFideId "13710419"]
[EventDate "2022.12.29"]

1. d4 Nf6 2. c4 g6 3. g3 Bg7 4. Bg2 O-O 5. Nf3 c5 6. e3 d5 7. O-O dxc4 8. Qc2
cxd4 9. Nxd4 Qc7 10. Nd2 e5 11. Nb5 Qb6 12. Qxc4 Be6 13. Qe2 Nc6 14. Nc3 Rfd8
15. b3 Bf5 16. Nc4 Qa6 17. Rd1 Nb4 18. Rxd8+ Rxd8 19. Nxe5 Ng4 20. Qxa6 bxa6 21.
f4 Nxe5 22. fxe5 Bxe5 23. Bb2 Rd2 24. Bc1 Rxg2+ 25. Kxg2 Bxc3 26. a3 Bxa1 27.
axb4 Bc3 28. Ba3 Bc2 29. Kf3 Bxb3 30. Ke4 Bc4 31. Kf4 f5 32. e4 fxe4 33. Kxe4
Kf7 34. Ke3 0-1

[Event "World Blitz Women 2022"]
[Site "Almaty KAZ"]
[Date "2022.12.29"]
[Round "9.48"]
[White "Kim, Kristina"]
[Black "Samaganova, Aleksandra"]
[Result "0-1"]
[WhiteTitle "WCM"]
[BlackTitle "WFM"]
[WhiteElo "1930"]
[BlackElo "1884"]
[WhiteFideId "13712438"]
[BlackFideId "13800221"]
[EventDate "2022.12.29"]

1. d4 Nf6 2. Bf4 e6 3. e3 b6 4. Nf3 Bb7 5. c3 Be7 6. Nbd2 c5 7. Bd3 d5 8. Qe2
Nc6 9. Bg3 O-O 10. Ne5 Nd7 11. Rd1 f5 12. h4 Bf6 13. Ndf3 Rc8 14. h5 Ncxe5 15.
dxe5 Be7 16. Bf4 Kh8 17. Bc2 c4 18. Nd4 Nc5 19. g4 Qd7 20. gxf5 exf5 21. e6 Nxe6
22. Bxf5 Rxf5 23. Nxf5 Nxf4 24. exf4 Bf6 25. Ne3 d4 26. cxd4 Bxh1 27. f3 Qh3 28.
Kf2 Bh4+ 29. Kg1 Bxf3 0-1

[Event "World Blitz Women 2022"]
[Site "Almaty KAZ"]
[Date "2022.12.29"]
[Round "9.49"]
[White "Madi, Aidana"]
[Black "Martins de Aguiar, Marina"]
[Result "0-1"]
[WhiteElo "1583"]
[BlackElo "1877"]
[WhiteFideId "13722689"]
[BlackFideId "2143321"]
[EventDate "2022.12.29"]

1. e4 c5 2. d4 cxd4 3. c3 d3 4. c4 e6 5. Nc3 Nc6 6. Bxd3 Nf6 7. Nf3 d6 8. O-O
Be7 9. Qe2 O-O 10. Rd1 a6 11. b3 Qc7 12. Bb2 Nb4 13. Bb1 Bd7 14. a3 Nc6 15. Bc2
Rac8 16. Rac1 Qb8 17. Bd3 Rfd8 18. Na4 Qa7 19. Bb1 e5 20. Nc3 Bg4 21. Nd5 Nxd5
22. exd5 Nb8 23. Qd3 g6 24. h3 Bf5 25. Qd2 Bxb1 26. Rxb1 Nd7 27. Qe2 Nc5 28. Bc1
Bf6 29. b4 Na4 30. Be3 b6 31. Qc2 Qd7 32. Nd2 b5 33. Ne4 Bg7 34. Bg5 Rxc4 35.
Qd2 Rxe4 36. Bxd8 Qxd8 37. Rdc1 Nb6 38. Rc6 Nc4 39. Qd3 Rd4 40. Qg3 Bf6 41. Rxa6
Kg7 42. a4 bxa4 43. Rxa4 Nd2 44. Rba1 Ne4 45. Qb3 Qb6 46. Ra6 Qb5 47. Ra8 Qe2
48. Rf1 Nd2 49. Qa4 Nxf1 50. Qe8 Kh6 51. h4 Bg7 52. Qe7 Qd2 53. g4 Rxg4+ 54.
Kxf1 Qd1# 0-1

[Event "World Blitz Women 2022"]
[Site "Almaty KAZ"]
[Date "2022.12.30"]
[Round "10.1"]
[White "Gunina, Valentina"]
[Black "Kosteniuk, Alexandra"]
[Result "1-0"]
[WhiteTitle "GM"]
[BlackTitle "GM"]
[WhiteElo "2476"]
[BlackElo "2520"]
[WhiteFideId "4167570"]
[BlackFideId "4128125"]
[EventDate "2022.12.29"]

1. d4 Nf6 2. c4 e6 3. Nf3 d5 4. Nc3 dxc4 5. e4 b5 6. e5 Nd5 7. Nxb5 Nb6 8. Be2
Nc6 9. Be3 Be7 10. a3 Na5 11. Qc2 Qd7 12. Nc3 Bb7 13. Rd1 f5 14. exf6 gxf6 15.
O-O O-O-O 16. d5 exd5 17. Nd4 Kb8 18. Bf3 Bd6 19. Nf5 Be5 20. Bxb6 cxb6 21. Bxd5
Qc7 22. Bxb7 Qxb7 23. Ne4 Rhg8 24. f3 Qc7 25. g3 Rxd1 26. Rxd1 Rd8 27. Rxd8+
Qxd8 28. f4 Bd4+ 29. Kg2 Qd5 30. g4 Nb3 31. Kg3 h5 32. h3 hxg4 33. hxg4 a5 34.
Nfd6 b5 35. Qh2 Nc5 36. Qh8+ Ka7 37. Nxb5+ Kb6 38. Qb8+ Nb7 39. a4 Qxe4 40. Qa7+
Kc6 41. Qxd4 Qe1+ 42. Kg2 Qe2+ 43. Kh3 Qd3+ 44. Kh4 Qh7+ 45. Kg3 Qd3+ 46. Kf2
Qc2+ 47. Ke3 Qc1+ 48. Ke2 Qc2+ 49. Qd2 Qe4+ 50. Kf2 Qh1 51. Nd4+ Kb6 52. Nf3 Qh7
53. Qd4+ Ka6 54. Qxc4+ Ka7 55. Qd4+ Ka8 56. Qxf6 Qc2+ 57. Kg3 Qxa4 58. g5 Qd1
59. g6 Nd6 60. Qd8+ Kb7 61. Qe7+ Ka6 62. Qe6 Kb7 63. g7 1-0

[Event "World Blitz Women 2022"]
[Site "Almaty KAZ"]
[Date "2022.12.30"]
[Round "10.2"]
[White "Goryachkina, Aleksandra"]
[Black "Shuvalova, Polina"]
[Result "0-1"]
[WhiteTitle "GM"]
[BlackTitle "IM"]
[WhiteElo "2584"]
[BlackElo "2502"]
[WhiteFideId "4147103"]
[BlackFideId "24171760"]
[EventDate "2022.12.29"]

1. Nf3 d5 2. g3 g6 3. d4 Bg7 4. c4 c6 5. cxd5 cxd5 6. Bg2 Nc6 7. Nc3 Nf6 8. Ne5
O-O 9. O-O e6 10. Nxc6 bxc6 11. Na4 Nd7 12. Be3 Nb6 13. Nxb6 axb6 14. a3 Ba6 15.
Rc1 Bb5 16. Qd2 Qd7 17. Rc2 Ra4 18. Rfc1 Rfa8 19. f3 Bc4 20. Bf2 Bb5 21. e3 Bf8
22. Bf1 c5 23. Bxb5 Qxb5 24. Kg2 Qd7 25. h4 h5 26. Qe2 c4 27. g4 hxg4 28. fxg4
b5 29. g5 b4 30. axb4 Rxb4 31. h5 Rab8 32. hxg6 fxg6 33. Bg3 Bd6 34. Bxd6 Qxd6
35. Rh1 Qe7 36. Rh3 Qxg5+ 37. Rg3 Qf5 38. Rd2 Qe4+ 39. Kg1 c3 40. bxc3 Rb1+ 41.
Rd1 Rxd1+ 42. Qxd1 Rb1 43. Qxb1 Qxb1+ 44. Kf2 Qc2+ 45. Kf3 Kf7 46. Rg5 Qxc3 47.
Re5 Qd3 48. Kg3 Kf6 49. Kg2 Qe2+ 50. Kg3 g5 51. Kh3 Qf3+ 52. Kh2 g4 0-1

[Event "World Blitz Women 2022"]
[Site "Almaty KAZ"]
[Date "2022.12.30"]
[Round "10.3"]
[White "Tan, Zhongyi"]
[Black "Dzagnidze, Nana"]
[Result "1-0"]
[WhiteTitle "GM"]
[BlackTitle "GM"]
[WhiteElo "2518"]
[BlackElo "2517"]
[WhiteFideId "8603642"]
[BlackFideId "13601903"]
[EventDate "2022.12.29"]

1. d4 Nf6 2. c4 e6 3. Nf3 d5 4. Nc3 Bb4 5. Qa4+ Nc6 6. e3 Bd7 7. Qc2 O-O 8. a3
Be7 9. Bd3 dxc4 10. Bxc4 Bd6 11. Bd2 a6 12. O-O h6 13. Rad1 Qe7 14. e4 e5 15. d5
Nd4 16. Qd3 Nxf3+ 17. gxf3 Nh5 18. Kh1 Qh4 19. Ne2 Bh3 20. Rg1 Qxf2 21. f4 Bd7
22. Be1 Qb6 23. Bc3 g6 24. fxe5 Bc5 25. e6 1-0

[Event "World Blitz Women 2022"]
[Site "Almaty KAZ"]
[Date "2022.12.30"]
[Round "10.4"]
[White "Paehtz, Elisabeth"]
[Black "Harika, Dronavalli"]
[Result "1/2-1/2"]
[WhiteTitle "GM"]
[BlackTitle "GM"]
[WhiteElo "2464"]
[BlackElo "2507"]
[WhiteFideId "4641833"]
[BlackFideId "5015197"]
[EventDate "2022.12.29"]

1. d4 Nf6 2. Nf3 d5 3. Bg5 c5 4. c3 Ne4 5. Bf4 Nc6 6. e3 g6 7. Nbd2 Nxd2 8. Qxd2
Bg7 9. dxc5 O-O 10. Be2 h6 11. Rd1 e5 12. Bg3 Be6 13. Bb5 Qc7 14. O-O f5 15.
Rfe1 Bf7 16. h3 Rad8 17. Ba4 g5 18. Bb3 Na5 19. Bc2 Nc4 20. Qc1 f4 21. exf4 exf4
22. Bh2 Qxc5 23. Nd4 Rfe8 24. Bb1 Rxe1+ 25. Rxe1 Re8 26. Rxe8+ Bxe8 27. Ne6 Qe7
28. Nxg7 Kxg7 29. Qd1 Bg6 30. Bxg6 Kxg6 31. b3 Nd6 32. g3 Qe4 33. gxf4 Nf5 34.
Bg3 h5 35. fxg5 h4 36. Bh2 d4 37. cxd4 Nxd4 38. Kf1 Qh1+ 39. Bg1 Qxh3+ 40. Ke1
Qe6+ 41. Kf1 Qh3+ 42. Ke1 Nf3+ 43. Ke2 Nxg1+ 44. Qxg1 Qe6+ 45. Kf1 Qh3+ 46. Ke2
Qe6+ 47. Kf1 h3 48. Qg3 Qa6+ 49. Kg1 Qxa2 50. Kh2 Qd2 51. Kxh3 Qxg5 52. Qd3+
Qf5+ 53. Qxf5+ Kxf5 54. Kg3 a5 55. Kf3 b5 56. Ke3 a4 1/2-1/2

[Event "World Blitz Women 2022"]
[Site "Almaty KAZ"]
[Date "2022.12.30"]
[Round "10.5"]
[White "Lagno, Kateryna"]
[Black "Danielian, Elina"]
[Result "1/2-1/2"]
[WhiteTitle "GM"]
[BlackTitle "GM"]
[WhiteElo "2563"]
[BlackElo "2431"]
[WhiteFideId "14109336"]
[BlackFideId "13300210"]
[EventDate "2022.12.29"]

1. e4 Nf6 2. e5 Nd5 3. d4 d6 4. Nf3 Nb6 5. Bd3 g6 6. h3 Bg7 7. Qe2 O-O 8. O-O c5
9. dxc5 dxc5 10. a4 Nc6 11. a5 Nd5 12. Rd1 Qc7 13. Bxg6 hxg6 14. Rxd5 Nxa5 15.
b4 Nc6 16. Rxc5 Qb6 17. Rb5 Qc7 18. Bf4 b6 19. Qe3 Be6 20. Nc3 a6 21. Qxb6 Qd7
22. Rc5 Rfc8 23. Rd1 Qe8 24. b5 axb5 25. Qxb5 Rab8 26. Qe2 Nxe5 27. Rxc8 Nxf3+
28. Qxf3 Rxc8 29. Nd5 Bxd5 30. Rxd5 Rxc2 31. Qd3 Rc8 32. Rd7 Bf6 33. Kh2 Kg7 34.
Bg3 Ra8 35. Rb7 Qc8 36. Rb5 Qc1 37. Rb1 Qc6 38. Rd1 Ra2 39. Qd5 Qxd5 40. Rxd5 e6
41. Rd7 1/2-1/2

[Event "World Blitz Women 2022"]
[Site "Almaty KAZ"]
[Date "2022.12.30"]
[Round "10.6"]
[White "Khademalsharieh, Sarasadat"]
[Black "Gaponenko, Inna"]
[Result "1-0"]
[WhiteTitle "IM"]
[BlackTitle "IM"]
[WhiteElo "2490"]
[BlackElo "2341"]
[WhiteFideId "12512214"]
[BlackFideId "14101181"]
[EventDate "2022.12.29"]

1. d4 Nf6 2. c4 g6 3. Nf3 Bg7 4. g3 O-O 5. Bg2 c6 6. O-O d5 7. b3 dxc4 8. bxc4
c5 9. Bb2 cxd4 10. Nxd4 Qb6 11. Qb3 Nfd7 12. e3 Nc6 13. Nc3 Nxd4 14. exd4 Qxb3
15. axb3 Bxd4 16. Rad1 e5 17. Na4 Bxb2 18. Nxb2 Nc5 19. b4 Ne6 20. Rfe1 f6 21.
f4 Kg7 22. fxe5 fxe5 23. Rxe5 Kf6 24. Re2 Rf7 25. Nd3 Bd7 26. Ne5 Rd8 27. Rf1+ 1-0

[Event "World Blitz Women 2022"]
[Site "Almaty KAZ"]
[Date "2022.12.30"]
[Round "10.7"]
[White "Fataliyeva, Ulviyya"]
[Black "Assaubayeva, Bibisara"]
[Result "0-1"]
[WhiteTitle "IM"]
[BlackTitle "IM"]
[WhiteElo "2428"]
[BlackElo "2440"]
[WhiteFideId "13403052"]
[BlackFideId "13708694"]
[EventDate "2022.12.29"]

1. d4 Nf6 2. Nc3 d5 3. Bf4 a6 4. e3 e6 5. g4 Bb4 6. Ne2 Ne4 7. Bg2 Nxc3 8. bxc3
Bd6 9. Rb1 c5 10. c4 Bxf4 11. Nxf4 dxc4 12. dxc5 Qa5+ 13. Qd2 Qxc5 14. Qc3 O-O
15. Rb4 Nc6 16. Rxc4 Qg5 17. Nh5 e5 18. h4 Qe7 19. g5 Be6 20. Rc5 Rac8 21. Bxc6
Rxc6 22. Qxe5 f6 23. gxf6 Qxc5 24. Qg3 g6 25. Nf4 Qxc2 26. O-O Qf5 27. h5 Qg4
28. hxg6 Rxf6 0-1

[Event "World Blitz Women 2022"]
[Site "Almaty KAZ"]
[Date "2022.12.30"]
[Round "10.8"]
[White "Padmini, Rout"]
[Black "Mammadzada, Gunay"]
[Result "0-1"]
[WhiteTitle "IM"]
[BlackTitle "IM"]
[WhiteElo "2389"]
[BlackElo "2472"]
[WhiteFideId "5029295"]
[BlackFideId "13403729"]
[EventDate "2022.12.29"]

1. e4 c5 2. Nf3 d6 3. c3 Nf6 4. Be2 Nbd7 5. d3 b6 6. O-O Bb7 7. a4 e6 8. Nbd2
Rc8 9. Re1 Be7 10. Bf1 Qc7 11. b3 O-O 12. Bb2 Ne5 13. Rc1 Nxf3+ 14. Qxf3 e5 15.
c4 Nd7 16. Qg3 f5 17. f4 Bf6 18. fxe5 f4 19. Qh3 Nxe5 20. Bxe5 Bxe5 21. Nf3 Qe7
22. Be2 Rcd8 23. Nxe5 dxe5 24. Rcd1 Bc8 25. Bg4 Bxg4 26. Qxg4 Rf6 27. Rf1 Rg6
28. Qe2 Rgd6 29. Rf3 Kh8 30. g3 g5 31. gxf4 exf4 32. Rff1 Qe5 33. Kh1 Rh6 34.
Rf2 Rh3 35. Rf3 Rh4 36. Rdf1 Rf8 37. Qf2 Rh6 38. Qg2 Rhf6 39. Qg4 h6 40. Kg2 Kh7
41. R1f2 Kg6 42. h4 Kh7 43. h5 Rd6 44. Kh3 Rfd8 45. Rd2 Kg7 46. Kg2 Qc3 47. Rdf2
Rxd3 48. Qf5 Rxf3 49. Qg6+ Kf8 50. Qxh6+ Ke8 51. Qe6+ Kf8 52. Qh6+ Qg7 53. Qxg7+
Kxg7 54. Kxf3 Rd3+ 55. Kg4 Kf6 56. h6 Rg3+ 57. Kh5 Rh3+ 58. Kg4 Rh4+ 59. Kf3
Rxh6 60. Rd2 Rh3+ 61. Kg4 Rg3+ 62. Kh5 Ke5 63. Rd7 a5 64. Rb7 Rxb3 65. Re7+ Kf6
66. Re8 Rh3+ 67. Kg4 Rg3+ 68. Kh5 f3 69. Rb8 g4 70. Rxb6+ Ke5 71. Rb5 f2 72.
Rxc5+ Kxe4 0-1

[Event "World Blitz Women 2022"]
[Site "Almaty KAZ"]
[Date "2022.12.30"]
[Round "10.9"]
[White "Javakhishvili, Lela"]
[Black "Injac, Teodora"]
[Result "1-0"]
[WhiteTitle "IM"]
[BlackTitle "WGM"]
[WhiteElo "2440"]
[BlackElo "2365"]
[WhiteFideId "13601458"]
[BlackFideId "932400"]
[EventDate "2022.12.29"]

1. d4 Nf6 2. c4 g6 3. Nf3 Bg7 4. g3 O-O 5. Bg2 d6 6. Nc3 Nc6 7. O-O Bf5 8. d5
Na5 9. Nd2 c5 10. e4 Bd7 11. Qc2 a6 12. b3 Rb8 13. Bb2 e5 14. Ne2 b5 15. h3 h5
16. Bc3 h4 17. g4 Nh7 18. f4 exf4 19. Nxf4 bxc4 20. bxc4 Ba4 21. Qd3 Ng5 22.
Rae1 Nb7 23. Bxg7 Kxg7 24. e5 dxe5 25. Rxe5 Nd6 26. Qa3 Bc2 27. Qc3 Kh7 28. Qxc2
Qf6 29. Nd3 Qd8 30. Qd1 a5 31. Qe2 Rb7 32. Qf2 Kg7 33. Qxc5 Rc7 34. Qd4 Kg8 35.
c5 Nb5 36. Qe3 f6 37. d6 Rcf7 38. Rxg5 fxg5 39. Bd5 Kg7 40. Bxf7 Rxf7 41. Qe5+ 1-0

[Event "World Blitz Women 2022"]
[Site "Almaty KAZ"]
[Date "2022.12.30"]
[Round "10.10"]
[White "Tania, Sachdev"]
[Black "Batsiashvili, Nino"]
[Result "0-1"]
[WhiteTitle "IM"]
[BlackTitle "GM"]
[WhiteElo "2389"]
[BlackElo "2493"]
[WhiteFideId "5007844"]
[BlackFideId "13602993"]
[EventDate "2022.12.29"]

1. d4 Nf6 2. c4 c5 3. d5 b5 4. cxb5 a6 5. e3 e6 6. Nc3 exd5 7. Nxd5 Bb7 8. Nc3
Be7 9. Nf3 O-O 10. Be2 d5 11. O-O axb5 12. Bxb5 Nc6 13. b3 d4 14. Bxc6 Bxc6 15.
exd4 Bxf3 16. Qxf3 cxd4 17. Rd1 dxc3 18. Rxd8 Rfxd8 19. Bg5 c2 20. Rc1 Rxa2 21.
Qe2 Ba3 22. Bxf6 gxf6 23. Qg4+ Kf8 24. Re1 c1=Q 25. Rxc1 Bxc1 26. Qb4+ Kg7 27.
Qg4+ Kh8 28. h4 Bb2 29. Qc4 Bd4 30. Qxf7 Rxf2 31. Kh1 Be5 0-1

[Event "World Blitz Women 2022"]
[Site "Almaty KAZ"]
[Date "2022.12.30"]
[Round "10.11"]
[White "Arabidze, Meri"]
[Black "Nomin-Erdene, Davaademberel"]
[Result "1-0"]
[WhiteTitle "IM"]
[BlackTitle "IM"]
[WhiteElo "2427"]
[BlackElo "2384"]
[WhiteFideId "13604040"]
[BlackFideId "4900782"]
[EventDate "2022.12.29"]

1. d4 d5 2. c4 e6 3. Nc3 Nf6 4. cxd5 exd5 5. Bg5 c6 6. e3 Be7 7. Bd3 Nbd7 8. Qc2
O-O 9. Nf3 Re8 10. h3 Nf8 11. Bf4 Ne6 12. Bh2 g6 13. O-O-O b5 14. Kb1 Ng7 15.
Ne5 Qb6 16. g4 a5 17. f3 a4 18. h4 a3 19. b3 Bb4 20. h5 Nd7 21. hxg6 fxg6 22.
Rc1 Nxe5 23. Bxe5 Re7 24. Qh2 Ne6 25. Bxg6 Nf8 26. Bd3 Bxc3 27. Rxc3 Be6 28. Qh5
Bf7 29. Bxh7+ Nxh7 30. Qxh7+ Kf8 31. Bd6 Ke8 32. Bxe7 Kxe7 33. Qf5 Qa5 34. Rxc6
Qd2 35. Qe5+ Kd7 36. Rc7+ 1-0

[Event "World Blitz Women 2022"]
[Site "Almaty KAZ"]
[Date "2022.12.30"]
[Round "10.12"]
[White "Voit, Daria"]
[Black "Badelka, Olga"]
[Result "0-1"]
[WhiteTitle "WGM"]
[BlackTitle "IM"]
[WhiteElo "2347"]
[BlackElo "2416"]
[WhiteFideId "4182146"]
[BlackFideId "13509926"]
[EventDate "2022.12.29"]

1. d4 d5 2. c4 dxc4 3. Nf3 Nf6 4. e3 b5 5. a4 b4 6. Bxc4 e6 7. O-O Bb7 8. Nbd2
Nbd7 9. Qe2 c5 10. a5 a6 11. e4 cxd4 12. e5 Nd5 13. Ne4 Nc5 14. Bg5 Qd7 15. Rac1
Nxe4 16. Qxe4 Be7 17. Qxd4 O-O 18. Rfd1 h6 19. Bxe7 Qxe7 20. Nd2 Rfd8 21. Qg4
Qg5 22. Qxg5 hxg5 23. g3 Ne7 24. Bf1 Nc6 25. Bg2 Nxa5 26. Bxb7 Nxb7 27. Nc4 Rac8
28. Rxd8+ Rxd8 29. Ra1 Rd4 30. Nb6 0-1

[Event "World Blitz Women 2022"]
[Site "Almaty KAZ"]
[Date "2022.12.30"]
[Round "10.13"]
[White "Omonova, Umida"]
[Black "Osmak, Yuliia"]
[Result "1-0"]
[WhiteTitle "WFM"]
[BlackTitle "IM"]
[WhiteElo "2052"]
[BlackElo "2451"]
[WhiteFideId "14210363"]
[BlackFideId "14101602"]
[EventDate "2022.12.29"]

1. e4 e5 2. Nf3 Nc6 3. Bc4 Nf6 4. d3 Be7 5. O-O O-O 6. c3 d6 7. a4 Be6 8. Nbd2
Qd7 9. Re1 h6 10. Nf1 Bxc4 11. dxc4 Qe6 12. b3 Nh5 13. Ne3 Nf4 14. Nd5 Rac8 15.
Bxf4 exf4 16. Nxf4 Qf6 17. Nd5 Qg6 18. Nd4 Rfe8 19. Nxc6 bxc6 20. Nb4 Bf6 21.
Qd3 c5 22. Nd5 Bd8 23. Rab1 a5 24. f3 c6 25. Ne3 Bg5 26. Nf5 Red8 27. Red1 Qe6
28. g3 Be7 29. Kg2 Bf8 30. Ne3 Rb8 31. f4 Rb7 32. Kf3 Rdb8 33. Qc2 Qh3 34. Nf5
Qh5+ 35. Kg2 Qg6 36. Rb2 Qe6 37. Kf3 g6 38. Ne3 Qh3 39. Rdb1 Qh5+ 40. Kg2 g5 41.
f5 g4 42. Qe2 Kh8 43. Qxg4 Qxg4 44. Nxg4 Bg7 45. f6 Bf8 46. Kf3 Kh7 47. e5 dxe5
48. Nxe5 Rc7 49. Rd2 Rcb7 50. Nxc6 Rxb3 51. Rxb3 Rxb3 52. Rd8 Rxc3+ 53. Kg2 Rxc4
54. Rxf8 Kg6 55. Ne5+ Kxf6 56. Nxc4 1-0

[Event "World Blitz Women 2022"]
[Site "Almaty KAZ"]
[Date "2022.12.30"]
[Round "10.14"]
[White "Nurgali, Nazerke"]
[Black "Frayna, Janelle Mae"]
[Result "0-1"]
[WhiteTitle "WIM"]
[BlackTitle "WGM"]
[WhiteElo "2168"]
[BlackElo "2265"]
[WhiteFideId "13711261"]
[BlackFideId "5212499"]
[EventDate "2022.12.29"]

1. d4 Nf6 2. Nf3 g6 3. c4 Bg7 4. Nc3 d5 5. Qb3 dxc4 6. Qxc4 a6 7. e4 b5 8. Qb3
c5 9. dxc5 O-O 10. Be2 Bb7 11. O-O Nxe4 12. Nxe4 Bxe4 13. Be3 Nc6 14. Rfd1 Qc7
15. a4 bxa4 16. Qxa4 Bf5 17. Nd4 Nxd4 18. Bxd4 Bxd4 19. Qxd4 Rfd8 20. Qc3 Rxd1+
21. Rxd1 a5 22. Bf3 Rc8 23. c6 Qb6 24. h3 Be6 25. Ra1 Ra8 26. h4 h5 27. b4 a4
28. c7 Rc8 29. Rc1 Bd7 30. Bd5 Qd6 31. Ba2 Qf4 32. Qc4 Qxc4 33. Rxc4 Be6 34. Rc2
Bxa2 35. Rxa2 Rxc7 36. Rxa4 Kg7 37. Ra1 Rc4 38. Rb1 Rxh4 39. b5 Rc4 40. Kf1 Kf6
41. Ke2 Ke5 42. Kd3 Rc8 43. b6 Kd6 44. b7 Rb8 45. Kd4 Kc7 46. Re1 e6 47. Re3
Rxb7 48. Ke5 Rb5+ 49. Kf6 Rf5+ 50. Ke7 Rxf2 0-1

[Event "World Blitz Women 2022"]
[Site "Almaty KAZ"]
[Date "2022.12.30"]
[Round "10.15"]
[White "Buksa, Nataliya"]
[Black "Gong, Qianyun"]
[Result "1-0"]
[WhiteTitle "IM"]
[BlackTitle "WGM"]
[WhiteElo "2405"]
[BlackElo "2299"]
[WhiteFideId "14123622"]
[BlackFideId "8602425"]
[EventDate "2022.12.29"]

1. e4 e6 2. d4 d5 3. e5 c5 4. c3 Nc6 5. Nf3 Qb6 6. Be2 cxd4 7. cxd4 Nh6 8. Bxh6
Qxb2 9. O-O gxh6 10. Nbd2 Qb6 11. Rb1 Qd8 12. Qc2 Bg7 13. Bd3 Ne7 14. Bxh7 Nf5
15. Bxf5 exf5 16. Qc5 a6 17. a4 Bf8 18. Qc3 Be7 19. Rfe1 Kf8 20. Nb3 Rg8 21. Nc5
Rg6 22. Nxb7 Qe8 23. Nc5 f4 24. e6 Bxe6 25. Ne5 Rf6 26. Nxe6+ Rxe6 27. Qf3 Bg5
28. Qxd5 Rd8 29. Qc5+ Kg7 30. a5 Be7 31. Qc3 Bf6 32. Nf3 Re4 33. Rxe4 Qxe4 34.
Re1 Qd5 35. Qc5 Qb3 36. h3 Rd5 37. Qc6 Rxa5 38. Qd7 Rd5 39. Qg4+ Kf8 40. Qxf4
Qc3 41. Rc1 Qb2 42. Qxh6+ Ke7 43. Re1+ 1-0

[Event "World Blitz Women 2022"]
[Site "Almaty KAZ"]
[Date "2022.12.30"]
[Round "10.16"]
[White "Koneru, Humpy"]
[Black "Gvetadze, Sofio"]
[Result "1-0"]
[WhiteTitle "GM"]
[BlackTitle "IM"]
[WhiteElo "2572"]
[BlackElo "2298"]
[WhiteFideId "5008123"]
[BlackFideId "13601440"]
[EventDate "2022.12.29"]

1. d4 Nf6 2. c4 g6 3. Nc3 c5 4. Nf3 Bg7 5. e4 cxd4 6. Nxd4 d6 7. Be2 O-O 8. O-O
Nc6 9. Be3 Nxd4 10. Bxd4 Bd7 11. Qd2 Bc6 12. f3 a5 13. b3 Nd7 14. Be3 Nc5 15.
Rac1 Be5 16. Rfd1 e6 17. f4 Bxc3 18. Qxc3 Nxe4 19. Qc2 Qf6 20. Bf3 d5 21. Qd3
Rfd8 22. cxd5 exd5 23. g3 Qf5 24. Bd4 Re8 25. Kg2 h5 26. Bb2 Re6 27. Qd4 f6 28.
h3 Rae8 29. Rf1 Rd6 30. Rcd1 Qe6 31. Rfe1 Rd7 32. g4 h4 33. a4 Kf7 34. Qd3 Qd6
35. Bxe4 Qxf4 36. Bxg6+ Kg7 37. Rxe8 d4+ 38. Be4 1-0

[Event "World Blitz Women 2022"]
[Site "Almaty KAZ"]
[Date "2022.12.30"]
[Round "10.17"]
[White "Pourkashiyan, Atousa"]
[Black "Stefanova, Antoaneta"]
[Result "0-1"]
[WhiteTitle "WGM"]
[BlackTitle "GM"]
[WhiteElo "2321"]
[BlackElo "2442"]
[WhiteFideId "12502014"]
[BlackFideId "2902257"]
[EventDate "2022.12.29"]

1. e4 e5 2. Nf3 Nc6 3. Bb5 Nf6 4. d3 d6 5. O-O Bd7 6. c3 g6 7. Re1 Bg7 8. Nbd2
O-O 9. Nf1 Nh5 10. Ng3 Nf4 11. Bxf4 exf4 12. Ne2 g5 13. d4 g4 14. Nd2 Qg5 15.
Bd3 h5 16. Nf1 f3 17. Neg3 fxg2 18. Kxg2 Ne7 19. Qd2 Qxd2 20. Nxd2 h4 21. Nh5
Ng6 22. Nc4 f5 23. exf5 Bxf5 24. Bxf5 Rxf5 25. Nxg7 Kxg7 26. Ne3 Rf4 27. Nd5 Rf7
28. Re4 c6 29. Ne3 Nf4+ 30. Kf1 d5 31. Re5 Nd3 32. Nxg4 Nxe5 33. Nxe5 Rf4 34.
Ke2 c5 35. Rg1+ Kh7 36. Ke3 Re4+ 37. Kd3 cxd4 38. cxd4 Rf8 39. f3 Ref4 40. Rg5
Rc8 41. Rh5+ Kg7 42. Rg5+ Kh6 43. Rg6+ Kh7 44. Rd6 Rc1 45. Rd7+ Kh6 46. Rxb7 Rh1
47. Rxa7 Rxh2 48. Ng4+ Rxg4 49. fxg4 Rxb2 50. a4 h3 51. Ra8 h2 52. Rh8+ Kg5 53.
Kc3 Re2 54. a5 Kxg4 55. Kb4 Kg3 56. a6 Ra2 57. Kb5 Kg2 58. Rg8+ Kf1 59. Rh8 Kg1
60. Kb6 h1=Q 61. Rxh1+ Kxh1 62. a7 Kg2 63. Kc5 Rxa7 64. Kxd5 Kf3 65. Kc6 Ke4 66.
d5 Ke5 67. d6 Ra6+ 0-1

[Event "World Blitz Women 2022"]
[Site "Almaty KAZ"]
[Date "2022.12.30"]
[Round "10.18"]
[White "Abdumalik, Zhansaya"]
[Black "Ovod, Evgenija"]
[Result "1/2-1/2"]
[WhiteTitle "GM"]
[BlackTitle "IM"]
[WhiteElo "2496"]
[BlackElo "2323"]
[WhiteFideId "13703544"]
[BlackFideId "4131827"]
[EventDate "2022.12.29"]

1. e4 e5 2. Nf3 Nc6 3. Bb5 Nf6 4. d3 Bc5 5. O-O d6 6. h3 O-O 7. c3 Bb6 8. Nbd2
Ne7 9. Re1 c6 10. Ba4 Ng6 11. Nf1 h6 12. Ng3 Bc7 13. Bc2 d5 14. a4 a5 15. d4
dxe4 16. Nxe5 Nxe5 17. dxe5 Qxd1 18. Bxd1 Bxe5 19. Nxe4 Nxe4 20. Rxe4 Bf6 21.
Bb3 Bf5 22. Re1 Rfe8 23. Be3 Be6 24. Bc2 Bd8 25. Bd4 Bc7 26. Re3 Bd5 27. Rae1
Rxe3 28. Rxe3 Be6 29. g3 Re8 30. f4 Bd7 31. Rxe8+ Bxe8 32. Kf2 Bd7 33. f5 g6 34.
fxg6 fxg6 35. h4 Kf7 36. Kf3 h5 37. b4 Bg4+ 38. Kf2 Be6 39. Bc5 Bf5 40. Bb3+ Be6
41. Bc2 Bf5 42. Bb3+ Be6 43. Bd1 Bf5 44. Bd4 Be4 45. Bb3+ Bd5 46. Bxd5+ cxd5 47.
b5 Ke6 48. Kf3 Kf5 49. Be3 Be5 50. Bd2 Bf6 51. Be1 Be5 52. Bd2 Bf6 53. Be1 Be5 1/2-1/2